header

The complete book of insurance (Record no. 98042)

MARC details
000 -LEADER
fixed length control field 01828nam a22003134a 4500
082 04 - DEWEY DECIMAL CLASSIFICATION NUMBER
Classification number 368
100 1# - MAIN ENTRY--AUTHOR NAME
Personal name Zevnik, Richard Wm.
245 14 - TITLE STATEMENT
Title The complete book of insurance
250 ## - EDITION STATEMENT
Edition statement 1st ed.
260 ## - PUBLICATION, DISTRIBUTION, ETC. (IMPRINT)
Place of publication Naperville, Ill. :
Name of publisher Sphinx Pub.,
Year of publication 2004.
300 ## - PHYSICAL DESCRIPTION
Number of Pages xiii, 272 p.
500 ## - GENERAL NOTE
General note Includes index.
505 0# - FORMATTED CONTENTS NOTE
Formatted contents note The role of insurance in the economy -- The structure of the business of insurance -- The marketing and selling of insurance -- Insuring other interests -- Homeowners insurance -- Loss of use and additional coverages -- Exclusions -- Conditions -- Liability coverages -- Liability coverage exclusions -- Liability coverages conditions -- Choosing liability limits -- Personal automobile policies -- Auto liability coverage exclusions -- Medical payments coverage -- Medical payments coverage -- Uninsured & underinsured motorists coverage -- Physical loss or damage coverage provisions -- Life, credit life, disability, and health coverages.
650 #0 - SUBJECT ADDED ENTRY--TOPICAL TERM
Topical Term Insurance
856 40 - ELECTRONIC LOCATION AND ACCESS
Uniform Resource Identifier http://site.ebrary.com/lib/rucke/Doc?id=10096064

No items available.

© 2026 Rongo University
Contact us: librarian | system librarian | Rongo university